Govt. of
Madhya Pradesh

Gira In Action Indian Insight Into The Management Of Self (Record no. 13979)

MARC details
000 -LEADER
fixed length control field 005180000a22001930004500
001 - CONTROL NUMBER
control field 002063
003 - CONTROL NUMBER IDENTIFIER
control field MACL
005 - DATE AND TIME OF LATEST TRANSACTION
control field 20150729174738.0
008 - FIXED-LENGTH DATA ELEMENTS--GENERAL INFORMATION
fixed length control field 150729b xxu||||| |||| 00| 0 eng d
040 ## - CATALOGING SOURCE
Original cataloging agency MACL
Transcribing agency MACL
041 ## - LANGUAGE CODE
Language code of text/sound track or separate title English
082 ## - DEWEY DECIMAL CLASSIFICATION NUMBER
Classification number 294.592/SHA
100 ## - MAIN ENTRY--PERSONAL NAME
Personal name Sharma, O.P
9 (RLIN) 3366
245 ## - TITLE STATEMENT
Title Gira In Action Indian Insight Into The Management Of Self
Statement of responsibility, etc. O.P Sharma
260 ## - PUBLICATION, DISTRIBUTION, ETC. (IMPRINT)
Place of publication, distribution, etc. New Delhi
Name of publisher, distributor, etc. Self Is The cause & Self Is The Effect
350 ## - PRICE (NR) (BK AM CF MU VM SE) [OBSOLETE]
Price 220
650 ## - SUBJECT ADDED ENTRY--TOPICAL TERM
Topical term or geographic name as entry element Religion
9 (RLIN) 3367
942 ## - ADDED ENTRY ELEMENTS (KOHA)
Call number prefix 295
Koha item type Books
Source of classification or shelving scheme
Holdings
Withdrawn status Lost status Source of classification or shelving scheme Damaged status Not for loan Home library Current library Date acquired Cost, normal purchase price Total Checkouts Full call number Barcode Date last seen Date last checked out Uniform Resource Identifier Price effective from Koha item type
          MACL MACL 29/07/2015 220.00 1 294.592/SHA CRE015007 02/05/2024 24/01/2016 13858 15/04/2015 Books